• 首页
  • 本馆介绍
  • 公告通知
  • 最新文献
  • 馆藏检索
  • 电子资源
  • 读者导购
  • 参考咨询
  • 我的图书馆
  • 登录
  • 详细信息显示
  • 放入我的书架
  • 预约/预借图书
  • 作者相关作品
  • 分类相关作品
  • 丛书相关作品
  • 出版社相关作品

书目信息

  • 表格格式
  • 工作单格式
  • 卡片格式
题名:
新日本语能力测试50天逐级突破
    
 
作者: 邢莉 , 赵英英 本册主编
分册:   N5 N4 N3阅读天天做
出版信息: 大连   大连理工大学出版社  2019重印
页数: 322页
开本: 26cm
丛书名:
单 册:
中图分类: H360.41 , H369.4
科图分类:
主题词: 日语--ri yu--水平考试--自学参考资料 , 日语--ri yu--阅读教学--水平考试--自学参考资料
电子资源:
ISBN: 978-7-5685-0590-1
000 01220nam 2200301 45
001 012001009518
005 20191107111856.95
010    @a978-7-5685-0590-1@dCNY36.80
099    @aCAL 012017019428
100    @a20170306d2016 em y0chiy50 ea
101 0  @achi@ajpn
102    @aCN@b210000
105    @ay q 000yy
106    @ar
200 1  @a新日本语能力测试50天逐级突破@Axin ri ben yu neng li ce shi 50 tian zhu ji tu po@iN5 N4 N3阅读天天做@f总主编邢莉@g本册主编赵英英, 刑莉
205    @a第2版
210    @a大连@c大连理工大学出版社@d2019重印
215    @a322页@d26cm
330    @a本书每一课都针对文章中的重点单词、重点语法进行了详细的讲解,并对文章、提问、选项等进行了翻译,方便考生理解文章大意及出题要点。每课的课后还配有练习,可以快速提升考生的阅读技能。本书还对出题倾向和解题技巧进行讲解,并归纳总结了文章中常用的语法知识点。
517 1  @aN5 N4 N3阅读天天做
606 0  @a日语@Ari yu@x水平考试@j自学参考资料
606 0  @a日语@Ari yu@x阅读教学@x水平考试@j自学参考资料
690    @aH360.41@v5
690    @aH369.4@v5
701  0 @a邢莉@c(日语)@Axing li@4本册主编
701  0 @a赵英英@c(日语)@Azhao ying ying@4本册主编
801  2 @aCN@b上海新华@c20191020
905    @b1188499-502@dH360.41@e641=2@f4
    
    新日本语能力测试50天逐级突破.N5 N4 N3阅读天天做/总主编邢莉/本册主编赵英英, 刑莉.-第2版.-大连:大连理工大学出版社,2019重印
    322页;26cm
    
    
    ISBN 978-7-5685-0590-1:CNY36.80
    本书每一课都针对文章中的重点单词、重点语法进行了详细的讲解,并对文章、提问、选项等进行了翻译,方便考生理解文章大意及出题要点。每课的课后还配有练习,可以快速提升考生的阅读技能。本书还对出题倾向和解题技巧进行讲解,并归纳总结了文章中常用的语法知识点。
●
相关链接 在E读中查询图书 在五车中查询图书 在当当中查询图书 在豆瓣中查询图书


正题名:新日本语能力测试50天逐级突破     索取号:H360.41/641=2         预约/预借

序号 登录号 条形码 馆藏地/架位号 状态 备注
1 1188499   211884996   第二样本阅览室/ [索取号:H360.41/641=2] 在馆    
2 1188500   211885003   第四借阅区/ [索取号:H360.41/641=2] 在馆    
3 1188501   211885012   第四借阅区/ [索取号:H360.41/641=2] 在馆    
4 1188502   211885021   第四借阅区/ [索取号:H360.41/641=2] 在馆    
唐山师范学院图书馆 欢迎您!
大连网信软件有限公司© 版权所有